Catálogo público

Principales enfermedades de los ovinos y caprinos (Record no. 50201)

MARC details
000 -CABECERA
campo de control de longitud fija 01174nam a22003257a 4500
003 - IDENTIFICADOR DEL NÚMERO DE CONTROL
campo de control CHAP
005 - FECHA Y HORA DE LA ÚLTIMA TRANSACCIÓN
campo de control 20220329140318.0
008 - DATOS DE LONGITUD FIJA--INFORMACIÓN GENERAL
campo de control de longitud fija 971013s1986 r 00010 d
010 ## - NÚMERO DE CONTROL DE LA BIBLIOTECA DEL CONGRESO
Número de control de LC 50201
011 ## - ENLACE DEL NUMERO DE CONTROL DE LA BIBLIOTECA DEL CONGRESO [OBSOLETO]
Número de control de LC 51173
035 ## - NÚMERO DE CONTROL DEL SISTEMA
Número de control de sistema 55323
040 ## - FUENTE DE LA CATALOGACIÓN
Centro/agencia transcriptor CHAP
082 ## - NÚMERO DE LA CLASIFICACIÓN DECIMAL DEWEY
Número de clasificación 636.3
Número de documento/Ítem P5
100 00 - ENTRADA PRINCIPAL--NOMBRE DE PERSONA
Nombre de persona Pijoan Aguadé, Pau.
9 (RLIN) 88062
245 ## - MENCIÓN DE TÍTULO
Título Principales enfermedades de los ovinos y caprinos
260 ## - PUBLICACIÓN, DISTRIBUCIÓN, ETC.
Lugar de publicación, distribución, etc. México, D.F. :
Nombre del editor, distribuidor, etc. UNAM. Fac. de Estudios Superiores Cuautitlán,
Fecha de publicación, distribución, etc. 1986
300 ## - DESCRIPCIÓN FÍSICA
Extensión 405 p.
Otras características físicas : ilus. ; láms.
590 ## - NOTA LOCAL (RLIN)
Nota local BATCH-UPD
Procedencia (VM) [OBSOLETO] 10
Condición del los carretes individuales (VM) [OBSOLETO] 20130110
-- UCH01
-- 0610
590 ## - NOTA LOCAL (RLIN)
Nota local BATCH-UPD
Procedencia (VM) [OBSOLETO] 10
Condición del los carretes individuales (VM) [OBSOLETO] 20130410
-- UCH01
-- 0252
590 ## - NOTA LOCAL (RLIN)
Nota local BATCH-UPD
Procedencia (VM) [OBSOLETO] 10
Condición del los carretes individuales (VM) [OBSOLETO] 20130914
-- UCH01
-- 1506
590 ## - NOTA LOCAL (RLIN)
Nota local CONVERSION
Procedencia (VM) [OBSOLETO] 10
Condición del los carretes individuales (VM) [OBSOLETO] 20130109
-- UCH01
-- 1327
650 14 - PUNTO DE ACCESO ADICIONAL DE MATERIA--TÉRMINO DE MATERIA
Término de materia o nombre geográfico como elemento de entrada Ganado caballar
Subdivisión general Enfermedades.
9 (RLIN) 44973
650 14 - PUNTO DE ACCESO ADICIONAL DE MATERIA--TÉRMINO DE MATERIA
Término de materia o nombre geográfico como elemento de entrada Ganado lanar
Subdivisión general Enfermedades.
9 (RLIN) 45173
700 0# - PUNTO DE ACCESO ADICIONAL--NOMBRE DE PERSONA
Nombre de persona Tórtora Pérez, Jorge L.
9 (RLIN) 113894
901 ## - ELEMENTOS DE DATOS A LOCAL LDA (RLIN)
a BK
942 ## - ELEMENTOS DE PUNTO DE ACCESO ADICIONAL (KOHA)
Tipo de ítem Koha Libro
949 ## - PROCESAMIENTO DE INFORMACIÓN LOCAL (OCLC)
a 636.3 P5
b BC
c LIBRO
d -121456
e LIBRO
f c.3
g I.147622
h 76644
i 55323
s i
949 ## - PROCESAMIENTO DE INFORMACIÓN LOCAL (OCLC)
a 636.3 P5
b BC
c LIBRO
d 33724000789731
e LIBRO
f c.2
g I.135518
h 71428
i 55323
s i
949 ## - PROCESAMIENTO DE INFORMACIÓN LOCAL (OCLC)
a 636.3 P5
b BC
c LIBRO
d 33724000919130
e LIBRO
g I.135513
h 70157
i 55323
s i
Holdings
Estado de retiro Estado de pérdida Fuente del sistema de clasificación o colocación Estado dañado Restricciones de uso No para préstamo Código de colección Localización permanente Ubicación/localización actual Ubicación en estantería Fecha de adquisición Fuente de adquisición Información codificada de la localización en otra ubicación Total de préstamos Signatura topográfica completa Código de barras Fecha visto por última vez Precio válido a partir de Tipo de ítem Koha Número de copia
    Dewey Decimal Classification   Préstamo 15 días   General Biblioteca Central Biblioteca Central Planta principal - Colección General 31/12/2019 I.135513 LIBRO   636.3 P5 33724000919130 31/12/2019 31/12/2019 Libro  
    Dewey Decimal Classification   Préstamo 15 días   General Biblioteca Central Biblioteca Central Planta principal - Colección General 31/12/2019 I.135518 LIBRO   636.3 P5 33724000789731 31/12/2019 31/12/2019 Libro c.2
    Dewey Decimal Classification   Préstamo 15 días   General Biblioteca Central Biblioteca Central Planta principal - Colección General 31/12/2019 I.147622 LIBRO   636.3 P5 -121456 31/12/2019 31/12/2019 Libro c.3